John Grisham Novels - Statistics

General Stats
  • This quiz has been taken 391 times
  • The average score is 10 of 29
Answer Stats
Year Published Novel Name % Correct
1991 The Firm
86%
1992 The Pelican Brief
81%
1989 A Time to Kill
67%
1993 The Client
64%
1996 The Runaway Jury
57%
1995 The Rainmaker
48%
1994 The Chamber
44%
1997 The Partner
34%
1998 The Street Lawyer
31%
1999 The Testament
31%
2001 A Painted House
30%
2003 The King of Torts
29%
2009 The Associate
27%
2000 The Brethren
27%
2004 The Last Juror
27%
2007 Playing for Pizza
25%
2003 Bleachers
23%
2013 Sycamore Row
22%
2002 The Summons
22%
2008 The Appeal
21%
2006 The Innocent Man
21%
2001 Skipping Christmas
20%
2014 Gray Mountain
18%
2011 The Litigators
18%
2005 The Broker
17%
2009 Ford County
16%
2010 The Confession
16%
2012 The Racketeer
16%
2012 Calico Joe
14%
No matching quizzes found
Score Distribution
Percent of People with Each Score
Percentile by Number Answered
Your Score History
You have not taken this quiz